[Event "Golden Horseshoe op"]
[Site "Mississauga CAN"]
[Date "2022.04.02"]
[Round "3.1"]
[White "Sanchez, Victor"]
[Black "Gaisinsky, Adam"]
[Result "1/2-1/2"]
[WhiteElo "2232"]
[BlackElo "2233"]
[PlyCount "126"]
[EventDate "2022.04.02"]
[EventType "swiss"]
[EventRounds "5"]
[EventCountry "CAN"]

1. e4 e5 2. Nf3 Nc6 3. Bb5 a6 4. Ba4 Nf6 5. d4 Nxe4 6. O-O b5 7. Bb3 d5 8. dxe5
Be6 9. c3 Bc5 10. Nbd2 O-O 11. Bc2 f5 12. Nb3 Bb6 13. Nfd4 Nxd4 14. Nxd4 Bc8
15. Nc6 Qe8 16. Bb3 Bb7 17. Bxd5+ Kh8 18. Bxe4 fxe4 19. Nd4 Qxe5 20. Be3 Rad8
21. Qg4 Rd6 22. Rad1 Rg6 23. Qh4 Bc8 24. Ne2 c5 25. h3 Qe8 26. Ng3 Bb7 27. Rfe1
Rgf6 28. Rd2 Qc6 29. Red1 c4 30. Nh5 R6f7 31. Nf4 Bc7 32. Nd5 Bb8 33. g3 Qe6
34. Rd4 Re8 35. Nf4 Bxf4 36. gxf4 h6 37. Kh2 Qe7 38. Qg3 Kh7 39. Rd6 Bc8 40.
Rc6 Rf6 41. Rxf6 gxf6 42. Rg1 Bf5 43. Bd4 Qf7 44. Qh4 Rf8 45. Rg3 Bg6 46. Re3
f5 47. f3 Re8 48. Be5 Qe7 49. Qf2 Rd8 50. fxe4 fxe4 51. Bd4 Bf5 52. Qe2 Qf7 53.
Rg3 Rg8 54. Qf2 Rxg3 55. Qxg3 Bg6 56. Qh4 Bf5 57. Qd8 Be6 58. Be5 e3 59. Qd4 e2
60. Qe4+ Qf5 61. Qxe2 Qxh3+ 62. Kg1 Qg3+ 63. Qg2 Qe1+ 1/2-1/2

[Event "Golden Horseshoe op"]
[Site "Mississauga CAN"]
[Date "2022.04.02"]
[Round "3.2"]
[White "Bui, Alan"]
[Black "Liu, Henry"]
[Result "1/2-1/2"]
[WhiteElo "2123"]
[BlackElo "1983"]
[PlyCount "80"]
[EventDate "2022.04.02"]
[EventType "swiss"]
[EventRounds "5"]
[EventCountry "CAN"]

1. d4 d5 2. Nf3 Nf6 3. Bf4 e6 4. e3 Bd6 5. Ne5 O-O 6. Nd2 b6 7. h4 Bb7 8. h5
Nbd7 9. Qf3 Ne4 10. Nxe4 dxe4 11. Qg3 Bxe5 12. dxe5 Qe7 13. O-O-O Rac8 14. Bh6
f6 15. Bxg7 Qxg7 16. Qxg7+ Kxg7 17. Rxd7+ Rf7 18. exf6+ Kxf6 19. Rxf7+ Kxf7 20.
Rh4 Rg8 21. g3 Rg5 22. Be2 Rf5 23. Rf4 Kg7 24. Bg4 Rf6 25. Rxf6 Kxf6 26. Kd2 e5
27. Kc3 Bd5 28. Kb4 Kg5 29. Be2 c6 30. a3 Bf7 31. c4 Bxh5 32. Bf1 Bd1 33. Kc3
c5 34. Kd2 Bf3 35. Ke1 Kg4 36. Be2 Kh3 37. Bd1 Bxd1 38. Kxd1 h5 39. Ke1 Kg2 40.
Ke2 Kh2 1/2-1/2

[Event "Golden Horseshoe op"]
[Site "Mississauga CAN"]
[Date "2022.04.02"]
[Round "3.3"]
[White "Xu, Daniel"]
[Black "Sharma, Vishruth"]
[Result "0-1"]
[WhiteElo "2098"]
[BlackElo "2066"]
[PlyCount "80"]
[EventDate "2022.04.02"]
[EventType "swiss"]
[EventRounds "5"]
[EventCountry "CAN"]

1. e4 e5 2. Nf3 Nc6 3. Bb5 a6 4. Ba4 Nf6 5. O-O Be7 6. Re1 b5 7. Bb3 O-O 8. c3
d5 9. exd5 Nxd5 10. Nxe5 Nxe5 11. Rxe5 c6 12. d4 Bd6 13. Re1 Qh4 14. g3 Qh3 15.
Re4 g5 16. Qf1 Qh5 17. Qe2 Qg6 18. Re8 Bf5 19. Rxa8 Rxa8 20. Nd2 Bd3 21. Qe1
Kf8 22. Nf1 Re8 23. Ne3 Nf4 24. Bd1 f5 25. Qd2 Nh3+ 26. Kg2 f4 27. Ng4 h5 28.
Nf6 g4 29. Nxe8 f3+ 30. Bxf3 gxf3+ 31. Kh1 Kxe8 32. Qe1+ Kd7 33. a4 h4 34. axb5
hxg3 35. bxc6+ Kxc6 36. hxg3 Qh5 37. Rxa6+ Bxa6 38. Qe4+ Kc7 39. Qh4 Qxh4 40.
gxh4 Nxf2+ 0-1

[Event "Golden Horseshoe op"]
[Site "Mississauga CAN"]
[Date "2022.04.02"]
[Round "3.4"]
[White "Chen, Max"]
[Black "Joseph Benher, Savio"]
[Result "1-0"]
[WhiteElo "2261"]
[BlackElo "2185"]
[PlyCount "65"]
[EventDate "2022.04.02"]
[EventType "swiss"]
[EventRounds "5"]
[EventCountry "CAN"]

1. e4 e6 2. d4 d5 3. Nd2 c5 4. exd5 Qxd5 5. Ngf3 cxd4 6. Bc4 Qd7 7. O-O Nf6 8.
Nb3 Nc6 9. Nbxd4 Nxd4 10. Nxd4 a6 11. Bg5 Ne4 12. Be3 b5 13. Be2 Bb7 14. c4 b4
15. Bf3 Be7 16. Qc2 Nc5 17. a3 bxa3 18. Rxa3 e5 19. Nf5 Bxf3 20. Bxc5 Bxc5 21.
Rxf3 O-O 22. Rd1 Qe6 23. Rd5 Rac8 24. Qe4 Rfe8 25. Qg4 Qg6 26. Qe4 Qg5 27. h4
Qc1+ 28. Kh2 f6 29. Rd7 Bf8 30. Qb7 g6 31. Rg7+ Kh8 32. Rxh7+ Kg8 33. Qf7# 1-0

[Event "Golden Horseshoe op"]
[Site "Mississauga CAN"]
[Date "2022.04.02"]
[Round "3.5"]
[White "Huang, Youhe"]
[Black "Xu, Eddie"]
[Result "1/2-1/2"]
[WhiteElo "2009"]
[BlackElo "2120"]
[PlyCount "143"]
[EventDate "2022.04.02"]
[EventType "swiss"]
[EventRounds "5"]
[EventCountry "CAN"]

1. e4 e5 2. Nf3 Nc6 3. Bb5 a6 4. Ba4 Nf6 5. O-O Bc5 6. c3 b5 7. Bb3 d6 8. d4
Bb6 9. h3 O-O 10. dxe5 Nxe5 11. Nxe5 dxe5 12. Qf3 Bb7 13. Bg5 h6 14. Bxf6 Qxf6
15. Qxf6 gxf6 16. Nd2 Rad8 17. Rad1 Rd6 18. Bd5 Bxd5 19. exd5 Rxd5 20. Ne4 Rxd1
21. Rxd1 f5 22. Ng3 f4 23. Nf5 Kh7 24. Rd7 e4 25. Kf1 Kg6 26. Ne7+ Kf6 27. Nd5+
Ke5 28. Nxc7 Bxc7 29. Rxc7 Rd8 30. Ke2 f5 31. Re7+ Kf6 32. Rh7 Kg6 33. Rc7 Rd6
34. Rb7 Kf6 35. a4 bxa4 36. Rb4 a3 37. bxa3 Rd3 38. Rb6+ Ke5 39. Rc6 f3+ 40.
gxf3 Rxf3 41. Rxh6 Rxc3 42. Rxa6 Rxh3 43. Ra8 Kf4 44. Rf8 Rxa3 45. Kf1 Ra2 46.
Rf7 Kg4 47. Rg7+ Kf4 48. Rg3 Rd2 49. Ke1 Rd3 50. Rg8 Ra3 51. Ke2 Ra2+ 52. Kf1
Rc2 53. Ke1 Rc7 54. Ke2 Rb7 55. Ke1 Rb3 56. Ke2 e3 57. fxe3+ Rxe3+ 58. Kf2 Ra3
59. Rb8 Ra2+ 60. Kf1 Ra5 61. Kf2 Ra2+ 62. Kf1 Kg4 63. Rb4+ f4 64. Rb3 Rh2 65.
Kg1 Re2 66. Kf1 Rc2 67. Ra3 Rb2 68. Rc3 Ra2 69. Rb3 Ra1+ 70. Kf2 Ra2+ 71. Kf1
Ra1+ 72. Kf2 1/2-1/2

[Event "Golden Horseshoe op"]
[Site "Mississauga CAN"]
[Date "2022.04.02"]
[Round "3.6"]
[White "Oancea, Nicolae"]
[Black "Chen, Richard"]
[Result "1/2-1/2"]
[WhiteElo "1912"]
[BlackElo "1929"]
[PlyCount "92"]
[EventDate "2022.04.02"]
[EventType "swiss"]
[EventRounds "5"]
[EventCountry "CAN"]

1. e4 e5 2. d4 exd4 3. Nf3 Bb4+ 4. Nbd2 Nc6 5. Bc4 Nf6 6. e5 Ne4 7. O-O Nxd2 8.
Bxd2 Bxd2 9. Qxd2 O-O 10. Rfe1 d6 11. b4 Nxe5 12. Nxe5 dxe5 13. Rxe5 Qf6 14.
Rae1 Bf5 15. Bb3 Rad8 16. Re7 Qd6 17. R7e5 Bg6 18. h4 h5 19. Re6 fxe6 20. Rxe6
Bf7 21. Rxd6 Rxd6 22. Bxf7+ Rxf7 23. b5 c5 24. Qg5 b6 25. Qe5 Rdf6 26. f3 Rf5
27. Qe6 Kh7 28. Kf2 R5f6 29. Qe5 g6 30. Qd5 Re7 31. Qd8 Rfe6 32. Qf8 Rd7 33.
Qc8 Ree7 34. g4 hxg4 35. fxg4 Rf7+ 36. Kg2 Rde7 37. h5 Re2+ 38. Kg3 gxh5 39.
gxh5 Re3+ 40. Kh4 Re4+ 41. Kg5 Ref4 42. Qe6 R7f5+ 43. Qxf5+ Rxf5+ 44. Kxf5 Kg7
45. Kg5 Kh7 46. Kf5 Kg7 1/2-1/2

[Event "Golden Horseshoe op"]
[Site "Mississauga CAN"]
[Date "2022.04.03"]
[Round "4.1"]
[White "Sharma, Vishruth"]
[Black "Sanchez, Victor"]
[Result "0-1"]
[WhiteElo "2066"]
[BlackElo "2232"]
[PlyCount "70"]
[EventDate "2022.04.02"]
[EventType "swiss"]
[EventRounds "5"]
[EventCountry "CAN"]

1. e4 c5 2. Nf3 d6 3. d4 Nf6 4. dxc5 Nxe4 5. cxd6 Nc6 6. Be3 Nxd6 7. Nc3 Bg4 8.
h3 Bh5 9. Be2 e6 10. Nd4 Bg6 11. Nxc6 bxc6 12. O-O Be7 13. Bf3 Rc8 14. Qe2 Qa5
15. Rfd1 O-O 16. Bf4 Nf5 17. Ne4 e5 18. Be3 Rb8 19. b3 Nxe3 20. Qxe3 f5 21. Nd6
e4 22. Nc4 Qc7 23. Be2 f4 24. Qd2 f3 25. Bf1 fxg2 26. Bxg2 Bc5 27. Ne3 Qf4 28.
Ng4 Qg3 29. Qe2 Kh8 30. Rd2 h5 31. Ne3 Rxf2 32. Qxf2 Bxe3 33. Re1 Bxf2+ 34.
Rxf2 e3 35. Rff1 Rd8 0-1

[Event "Golden Horseshoe op"]
[Site "Mississauga CAN"]
[Date "2022.04.03"]
[Round "4.2"]
[White "Liu, Henry"]
[Black "Chen, Max"]
[Result "1-0"]
[WhiteElo "1983"]
[BlackElo "2261"]
[PlyCount "117"]
[EventDate "2022.04.02"]
[EventType "swiss"]
[EventRounds "5"]
[EventCountry "CAN"]

1. d4 Nf6 2. Nf3 e6 3. Bf4 b6 4. e3 Bb7 5. Nbd2 Be7 6. Bd3 c5 7. c3 Nc6 8. h3
Rc8 9. O-O d6 10. Qe2 O-O 11. Rac1 Re8 12. e4 cxd4 13. cxd4 Nb4 14. Bb5 Bc6 15.
Bxc6 Nxc6 16. a3 Qd7 17. Rfd1 Nxd4 18. Nxd4 e5 19. Bh2 exd4 20. Qd3 Qa4 21. Nf3
Bf8 22. Rxc8 Rxc8 23. Qxd4 Qxd4 24. Nxd4 Nxe4 25. f3 Nc5 26. Nb5 a6 27. Nxd6
Rd8 28. Rd2 Nb3 29. Rd3 Nc5 30. Rd2 Nb3 31. Rd3 Na5 32. Rc3 Rxd6 33. Bxd6 Bxd6
34. b4 Nb7 35. Rc8+ Bf8 36. Rb8 Nd6 37. Rxb6 f5 38. Rxa6 Kf7 39. Kf2 Ke6 40.
Ke3 Kd5 41. Kd3 Be7 42. Ra7 Bf6 43. Rc7 h5 44. a4 Ne8 45. Rc5+ Ke6 46. a5 Be7
47. Rc2 Kd7 48. a6 Nc7 49. a7 Na8 50. b5 Bd8 51. Rc5 Bb6 52. Rxf5 Ke7 53. Re5+
Kf7 54. Re2 g5 55. Rc2 Bxa7 56. Ra2 Nb6 57. Rxa7+ Ke8 58. Ke4 Nc4 59. Kd5 1-0

[Event "Golden Horseshoe op"]
[Site "Mississauga CAN"]
[Date "2022.04.03"]
[Round "4.3"]
[White "Gaisinsky, Adam"]
[Black "Bui, Alan"]
[Result "1-0"]
[WhiteElo "2233"]
[BlackElo "2123"]
[PlyCount "43"]
[EventDate "2022.04.02"]
[EventType "swiss"]
[EventRounds "5"]
[EventCountry "CAN"]

1. e4 e5 2. Nf3 Nc6 3. Bb5 a6 4. Ba4 Nf6 5. O-O b5 6. Bb3 Be7 7. d4 exd4 8. e5
Ne4 9. Bd5 Nc5 10. Nxd4 Bb7 11. Nf5 O-O 12. Nc3 Nxe5 13. Qd4 d6 14. f4 Bxd5 15.
Nxd5 Ne6 16. Nfxe7+ Kh8 17. Qc3 Nd7 18. f5 Nec5 19. f6 g6 20. Bh6 Ne6 21. Bg7+
Nxg7 22. fxg7# 1-0

[Event "Golden Horseshoe op"]
[Site "Mississauga CAN"]
[Date "2022.04.03"]
[Round "4.4"]
[White "Xu, Eddie"]
[Black "Xu, Daniel"]
[Result "1-0"]
[WhiteElo "2120"]
[BlackElo "2098"]
[PlyCount "51"]
[EventDate "2022.04.02"]
[EventType "swiss"]
[EventRounds "5"]
[EventCountry "CAN"]

1. d4 Nf6 2. c4 g6 3. Nc3 Bg7 4. e4 d6 5. f3 O-O 6. Be3 c5 7. Nge2 Nc6 8. d5
Ne5 9. Ng3 h5 10. Be2 h4 11. Nf1 e6 12. Nd2 exd5 13. cxd5 h3 14. g3 a6 15. a4
Qc7 16. O-O Re8 17. g4 c4 18. g5 Nfd7 19. Rc1 b5 20. f4 b4 21. Ncb1 Nc5 22.
fxe5 Rxe5 23. Bf3 Nd3 24. Rxc4 Qd7 25. Qc2 Nxb2 26. Rxb4 1-0

[Event "Golden Horseshoe op"]
[Site "Mississauga CAN"]
[Date "2022.04.03"]
[Round "4.5"]
[White "Loadman, Ian"]
[Black "Huang, Youhe"]
[Result "1-0"]
[WhiteElo "2044"]
[BlackElo "2009"]
[PlyCount "113"]
[EventDate "2022.04.02"]
[EventType "swiss"]
[EventRounds "5"]
[EventCountry "CAN"]

1. e4 c5 2. Nc3 e6 3. Nf3 Nc6 4. Bb5 Nd4 5. O-O a6 6. Bd3 d6 7. Nxd4 cxd4 8.
Ne2 d5 9. exd5 Qxd5 10. c3 dxc3 11. dxc3 Nf6 12. Nf4 Qc6 13. Re1 Be7 14. Nh5 g6
15. Nxf6+ Bxf6 16. Bh6 Qd5 17. Qe2 Bd7 18. Be4 Qh5 19. Qxh5 gxh5 20. Bxb7 Rb8
21. Bxa6 Rxb2 22. Reb1 Bxc3 23. Rxb2 Bxb2 24. Rb1 Be5 25. Bb5 f6 26. a4 Bxb5
27. axb5 Kd7 28. Be3 h4 29. h3 Ra8 30. Kf1 Ra2 31. Rb4 Rb2 32. Rxh4 Rxb5 33.
Rxh7+ Kc6 34. Ke2 f5 35. Kf3 Rb3 36. g3 Bd6 37. Rf7 Kd5 38. h4 Bc5 39. h5 Bxe3
40. fxe3 Rb2 41. g4 fxg4+ 42. Kxg4 Ke4 43. Re7 e5 44. h6 Rg2+ 45. Kh5 Kf5 46.
Rf7+ Ke4 47. Re7 Kf5 48. Rf7+ Ke4 49. h7 Kxe3 50. Rf8 Rh2+ 51. Kg6 Rxh7 52.
Kxh7 e4 53. Kg6 Kd2 54. Rd8+ Kc2 55. Re8 Kd3 56. Kf5 e3 57. Kf4 1-0

[Event "Golden Horseshoe op"]
[Site "Mississauga CAN"]
[Date "2022.04.03"]
[Round "4.6"]
[White "Joseph Benher, Savio"]
[Black "Chen, Richard"]
[Result "1-0"]
[WhiteElo "2185"]
[BlackElo "1929"]
[PlyCount "65"]
[EventDate "2022.04.02"]
[EventType "swiss"]
[EventRounds "5"]
[EventCountry "CAN"]

1. e4 e5 2. Nf3 Nf6 3. Nxe5 d6 4. Nf3 Nxe4 5. d4 d5 6. Bd3 Bd6 7. O-O O-O 8. c4
c6 9. Nc3 Bf5 10. Qc2 Bg4 11. Bxe4 dxe4 12. Qxe4 Bxf3 13. Qxf3 Re8 14. Bf4 Na6
15. Rfe1 Bxf4 16. Qxf4 Nb4 17. Rxe8+ Qxe8 18. Qd2 Qe6 19. d5 cxd5 20. cxd5 Qd7
21. d6 Re8 22. Re1 Rxe1+ 23. Qxe1 Qxd6 24. Qe8+ Qf8 25. Qd7 Qb8 26. Ne4 Nc6 27.
Nd6 Ne5 28. Qe7 f6 29. f4 Ng6 30. Qe6+ Kh8 31. Nf7+ Kg8 32. Nd8+ Kh8 33. Qe8+
1-0

[Event "Golden Horseshoe op"]
[Site "Mississauga CAN"]
[Date "2022.04.03"]
[Round "4.7"]
[White "Gao, Lucy"]
[Black "Oancea, Nicolae"]
[Result "0-1"]
[WhiteElo "1908"]
[BlackElo "1912"]
[PlyCount "186"]
[EventDate "2022.04.02"]
[EventType "swiss"]
[EventRounds "5"]
[EventCountry "CAN"]

1. e4 e6 2. d4 d5 3. Nc3 dxe4 4. Nxe4 Nd7 5. Nf3 Ngf6 6. Nxf6+ Nxf6 7. Bd3 c5
8. c3 cxd4 9. cxd4 Be7 10. O-O O-O 11. Be3 a6 12. Ne5 Qd6 13. Rc1 Nd5 14. a3 b5
15. Rc6 Qd8 16. Rc1 Bf6 17. Ng4 Be7 18. Qf3 Bb7 19. Qh3 f5 20. Ne5 Rc8 21. b4
Nc3 22. Rc2 Bf6 23. f4 Bxe5 24. fxe5 Rf7 25. Rfc1 Rcc7 26. Kf1 Be4 27. Bxe4
Nxe4 28. Rxc7 Rxc7 29. Rxc7 Qxc7 30. Qh5 Qf7 31. Qxf7+ Kxf7 32. Ke2 Ke7 33. g4
g6 34. gxf5 gxf5 35. Kf3 Kf7 36. Kf4 Kg6 37. Bg1 Nc3 38. Be3 Nd5+ 39. Kf3 Kh5
40. Bf4 Kh4 41. Bg3+ Kg5 42. h4+ Kh5 43. Be1 Nb6 44. Bg3 Nc4 45. Kf4 Nb6 46.
Be1 Nd5+ 47. Kf3 Ne7 48. Kf4 Ng6+ 49. Kf3 Kh6 50. Bd2+ Kg7 51. Kg3 h5 52. Bg5
Kf7 53. Kf3 Ke8 54. Ke3 Kd7 55. Kd3 Kc6 56. Ke3 Kd5 57. Kd3 f4 58. Bf6 f3 59.
Ke3 f2 60. Kxf2 Kxd4 61. Kf3 Kc3 62. Ke4 Kb3 63. Kd4 Kxa3 64. Kc5 Ka4 65. Kd6
Kxb4 66. Kxe6 Nf4+ 67. Kf5 Nd5 68. e6 Kc5 69. e7 Nc7 70. Be5 Ne8 71. Ke6 Kc6
72. Bc3 Nc7+ 73. Kf7 Kd7 74. Ba5 Ne8 75. Bb4 Nc7 76. Kg6 Nd5 77. Bc5 Nxe7+ 78.
Kxh5 Nf5 79. Kg4 Nxh4 80. Kxh4 Kc6 81. Bf8 a5 82. Kg3 b4 83. Kf2 Kd5 84. Ke3
Kc4 85. Kd2 Kb3 86. Kc1 Ka2 87. Bg7 a4 88. Bf8 b3 89. Ba3 Kxa3 90. Kb1 Kb4 91.
Ka1 Ka3 92. Kb1 b2 93. Kc2 Ka2 0-1

[Event "Golden Horseshoe op"]
[Site "Mississauga CAN"]
[Date "2022.04.03"]
[Round "5.1"]
[White "Sanchez, Victor"]
[Black "Liu, Henry"]
[Result "1/2-1/2"]
[WhiteElo "2232"]
[BlackElo "1983"]
[PlyCount "62"]
[EventDate "2022.04.02"]
[EventType "swiss"]
[EventRounds "5"]
[EventCountry "CAN"]

1. d4 d5 2. Nf3 Nf6 3. g3 g6 4. Bg2 Bg7 5. O-O O-O 6. c4 c6 7. b3 Nbd7 8. Nc3
Re8 9. Bb2 e6 10. Rc1 Ne4 11. Qd3 f5 12. Nd2 Bh6 13. e3 Ndf6 14. f3 Nxd2 15.
Qxd2 Qe7 16. Rce1 Bd7 17. Qd3 Qf7 18. e4 Bf8 19. e5 Nh5 20. f4 Ng7 21. Rc1 Rec8
22. Rfd1 h6 23. Rc2 g5 24. Bf1 Be7 25. Bg2 Ne8 26. Qe2 Nc7 27. h3 Qg6 28. Bf3
Kh8 29. Kh2 Rg8 30. Rg1 g4 31. Bg2 Rg7 1/2-1/2

[Event "Golden Horseshoe op"]
[Site "Mississauga CAN"]
[Date "2022.04.03"]
[Round "5.2"]
[White "Xu, Eddie"]
[Black "Gaisinsky, Adam"]
[Result "0-1"]
[WhiteElo "2120"]
[BlackElo "2233"]
[PlyCount "146"]
[EventDate "2022.04.02"]
[EventType "swiss"]
[EventRounds "5"]
[EventCountry "CAN"]

1. d4 Nf6 2. c4 e6 3. Nc3 Bb4 4. f3 d5 5. a3 Bxc3+ 6. bxc3 O-O 7. cxd5 exd5 8.
e3 Bf5 9. Ne2 c5 10. g4 Be6 11. Bg2 Nc6 12. O-O Rc8 13. h3 Nd7 14. e4 cxd4 15.
cxd4 Nb6 16. Be3 Nc4 17. Bf2 Qa5 18. Nf4 Ne7 19. Re1 Rc6 20. Re2 b5 21. Nd3 Rb8
22. Nb4 Rcc8 23. Bh4 Ng6 24. Bg3 Rb7 25. f4 Nf8 26. exd5 Bd7 27. Nc6 Bxc6 28.
dxc6 Rb6 29. Be1 Qa6 30. d5 Rd8 31. Qc1 Qc8 32. a4 a6 33. axb5 axb5 34. f5 Ra6
35. Rb1 Qb8 36. Bc3 Ra3 37. Bb4 Rd3 38. Qe1 h6 39. Rd1 Rxd1 40. Qxd1 Nh7 41.
Bc5 Nf6 42. Qd4 Ne8 43. Kf2 Ned6 44. Bb4 Re8 45. Bc3 Rxe2+ 46. Kxe2 f6 47. Kf1
b4 48. Ba1 b3 49. Bf3 b2 50. Bxb2 Qxb2 51. Qxb2 Nxb2 52. Ke2 Kf8 53. Ke3 Ke7
54. Kd4 Kd8 55. Be2 Na4 56. Bd1 Nb6 57. Be2 Kc7 58. Bd3 Nf7 59. Kc5 Nc8 60. Bf1
Ng5 61. Bg2 Nd6 62. Kd4 Kb6 63. Bf1 Nf3+ 64. Ke3 Ne5 65. Kd4 h5 66. Be2 Kc7 67.
Kc5 Ne4+ 68. Kd4 Ng3 69. Bd1 Kd6 70. Ke3 hxg4 71. hxg4 Nc4+ 72. Kd4 Nb6 73. Bf3
Nf1 0-1

[Event "Golden Horseshoe op"]
[Site "Mississauga CAN"]
[Date "2022.04.03"]
[Round "5.3"]
[White "Joseph Benher, Savio"]
[Black "Sharma, Vishruth"]
[Result "1-0"]
[WhiteElo "2185"]
[BlackElo "2066"]
[PlyCount "113"]
[EventDate "2022.04.02"]
[EventType "swiss"]
[EventRounds "5"]
[EventCountry "CAN"]

1. e4 e5 2. Nf3 Nc6 3. Bb5 a6 4. Ba4 Nf6 5. d3 d6 6. c4 g6 7. h3 Bg7 8. O-O O-O
9. Nc3 Nd7 10. Be3 Nd4 11. Rc1 Nc5 12. Bc2 Nce6 13. Bxd4 exd4 14. Ne2 Qf6 15.
b4 c5 16. bxc5 dxc5 17. Rb1 Nf4 18. Nxf4 Qxf4 19. Qd2 Qc7 20. Ne1 f5 21. exf5
Bxf5 22. Bd1 b5 23. Bf3 bxc4 24. Bd5+ Kh8 25. Bxc4 Be5 26. Nf3 Bf4 27. Qd1 Qd7
28. Re1 Rae8 29. Rxe8 Rxe8 30. Qf1 Qc6 31. Re1 Rxe1 32. Qxe1 Qb7 33. Qe8+ Kg7
34. Qg8+ Kh6 35. Qf8+ Kh5 36. g4+ Bxg4 37. hxg4+ Kxg4 38. Nh2+ Bxh2+ 39. Kxh2
Qc7+ 40. Kg2 Qc6+ 41. f3+ Kh5 42. Qg7 Qe8 43. Qxh7+ Kg5 44. Qh2 Qe2+ 45. Kh3
Qxf3+ 46. Qg3+ Qxg3+ 47. Kxg3 a5 48. Bd5 a4 49. a3 Kf5 50. Bc6 Ke5 51. Bxa4 c4
52. dxc4 d3 53. c5 d2 54. c6 Kd6 55. Kg4 d1=Q+ 56. Bxd1 Kxc6 57. a4 1-0

[Event "Golden Horseshoe op"]
[Site "Mississauga CAN"]
[Date "2022.04.03"]
[Round "5.4"]
[White "Chen, Max"]
[Black "Bui, Alan"]
[Result "1/2-1/2"]
[WhiteElo "2261"]
[BlackElo "2123"]
[PlyCount "47"]
[EventDate "2022.04.02"]
[EventType "swiss"]
[EventRounds "5"]
[EventCountry "CAN"]

1. e4 e5 2. Nf3 Nc6 3. Bc4 Nf6 4. d3 Bc5 5. c3 a6 6. Nbd2 O-O 7. O-O d6 8. Bb3
Ba7 9. h3 h6 10. Re1 Re8 11. Nf1 Be6 12. Bc2 d5 13. exd5 Bxd5 14. Ng3 Qd7 15.
Nh4 Be6 16. Qf3 Qd5 17. Ne4 Nxe4 18. dxe4 Qd8 19. Nf5 Kh8 20. g4 Qf6 21. Kg2
Ne7 22. g5 Qg6 23. h4 h5 24. Rd1 1/2-1/2

[Event "Golden Horseshoe op"]
[Site "Mississauga CAN"]
[Date "2022.04.03"]
[Round "5.5"]
[White "Xu, Daniel"]
[Black "Oancea, Nicolae"]
[Result "1-0"]
[WhiteElo "2098"]
[BlackElo "1912"]
[PlyCount "73"]
[EventDate "2022.04.02"]
[EventType "swiss"]
[EventRounds "5"]
[EventCountry "CAN"]

1. e4 e6 2. d4 d5 3. Nd2 dxe4 4. Nxe4 Nd7 5. Nf3 Ngf6 6. Bd3 b6 7. Qe2 Bb7 8.
Neg5 h6 9. Nxe6 fxe6 10. Bg6+ Ke7 11. O-O Bxf3 12. Qxf3 Qc8 13. Re1 Kd8 14.
Rxe6 Bd6 15. Bd2 Nf8 16. Rxf6 gxf6 17. Qxf6+ Be7 18. Qxh8 Qg4 19. Qe5 Nd7 20.
Qd5 c6 21. Qg8+ Nf8 22. Bf7 Qe2 23. Bxh6 Kc7 24. Qg3+ Kb7 25. Qe3 Qxe3 26. fxe3
Nd7 27. Be6 Nf8 28. Bxf8 Rxf8 29. Rf1 Re8 30. e4 Bg5 31. d5 cxd5 32. exd5 Be3+
33. Kh1 Bc5 34. g4 a5 35. g5 Kc7 36. g6 Bd4 37. g7 1-0

[Event "Golden Horseshoe op"]
[Site "Mississauga CAN"]
[Date "2022.04.03"]
[Round "5.6"]
[White "Huang, Youhe"]
[Black "Gao, Lucy"]
[Result "1/2-1/2"]
[WhiteElo "2009"]
[BlackElo "1908"]
[PlyCount "87"]
[EventDate "2022.04.02"]
[EventType "swiss"]
[EventRounds "5"]
[EventCountry "CAN"]

1. e4 c5 2. Nf3 Nc6 3. Bb5 g6 4. c3 Bg7 5. d4 cxd4 6. cxd4 Nf6 7. Nc3 d5 8. e5
Ne4 9. O-O Nxc3 10. bxc3 O-O 11. Re1 a6 12. Bd3 b5 13. Be3 f6 14. exf6 exf6 15.
Qd2 Bg4 16. Nh4 Na5 17. h3 Bd7 18. Nf3 Nc4 19. Bxc4 bxc4 20. Rab1 Bf5 21. Rb7
Rf7 22. Rxf7 Kxf7 23. Qb2 Rb8 24. Qa3 Qb6 25. Bf4 Rb7 26. Bd6 Rd7 27. Bb4 g5
28. Ba5 Qb5 29. Qc5 Bf8 30. Qc8 Qxa5 31. g4 Be6 32. Rxe6 Kxe6 33. Qxf8 Qd8 34.
Qh6 Qg8 35. h4 Qg6 36. Qf8 gxh4 37. Kh2 Qxg4 38. Qe8+ Kd6 39. Qf8+ Re7 40. Qd8+
Qd7 41. Qb6+ Qc6 42. Qd8+ Qd7 43. Qb6+ Qc6 44. Qd8+ 1/2-1/2

[Event "Grand Pacifc op"]
[Site "Victoria CAN"]
[Date "2022.04.15"]
[Round "1.2"]
[White "Su, Ethan"]
[Black "Hempstapat, Andrew"]
[Result "1-0"]
[WhiteElo "1930"]
[BlackElo "2245"]
[PlyCount "94"]
[EventDate "2022.04.15"]
[EventType "swiss"]
[EventRounds "6"]
[EventCountry "CAN"]

1. d4 Nf6 2. c4 g6 3. Nf3 Bg7 4. g3 O-O 5. Bg2 d6 6. O-O Nbd7 7. Nc3 e5 8. e4
exd4 9. Nxd4 Re8 10. Re1 a6 11. h3 Rb8 12. Nc2 b5 13. cxb5 axb5 14. Nd4 Bb7 15.
Ndxb5 Nxe4 16. Nxe4 Bxe4 17. Nxd6 cxd6 18. Bxe4 Nc5 19. Bg2 Rxe1+ 20. Qxe1 Bxb2
21. Bxb2 Rxb2 22. Qe3 Qf6 23. Rd1 Rxa2 24. Qd4 Qxd4 25. Rxd4 Ra6 26. Bd5 Nd7
27. g4 h6 28. h4 Kf8 29. g5 hxg5 30. hxg5 Ra5 31. f4 Nb6 32. Bf3 Ke7 33. Kg2
Kd7 34. Kg3 d5 35. Kg4 Kd6 36. Rd3 Ra7 37. Be2 Kc5 38. Rc3+ Nc4 39. Bf1 Rd7 40.
Rf3 Kd4 41. Rf2 Rc7 42. Kf3 Kc3 43. Ke2 Re7+ 44. Kd1 Nb2+ 45. Rxb2 Kxb2 46. Kd2
Re4 47. Bg2 Rxf4 1-0

[Event "Grand Pacifc op"]
[Site "Victoria CAN"]
[Date "2022.04.15"]
[Round "1.4"]
[White "Ledezma, Hernan"]
[Black "Huang, Patrick"]
[Result "0-1"]
[WhiteElo "1920"]
[BlackElo "2240"]
[PlyCount "56"]
[EventDate "2022.04.15"]
[EventType "swiss"]
[EventRounds "6"]
[EventCountry "CAN"]

1. e4 g6 2. d4 Bg7 3. Nc3 d6 4. Be3 a6 5. Qd2 b5 6. Bd3 Bb7 7. Nf3 Nd7 8. O-O
c5 9. Rfe1 Rc8 10. a4 b4 11. Nd1 Qc7 12. b3 h6 13. Rc1 Ngf6 14. e5 dxe5 15.
dxe5 Nxe5 16. Nxe5 Qxe5 17. Bf4 Qd5 18. Ne3 Qc6 19. f3 O-O 20. Nc4 Kh7 21. Rxe7
Nd5 22. Na5 Qf6 23. Rxb7 Nxf4 24. Kh1 Rcd8 25. Nc4 Rfe8 26. Re1 Nxd3 27. Rxe8
Qa1+ 28. Re1 Nxe1 0-1

[Event "Grand Pacifc op"]
[Site "Victoria CAN"]
[Date "2022.04.15"]
[Round "1.5"]
[White "Haessel, Dave"]
[Black "Bacon, Craig"]
[Result "1-0"]
[WhiteElo "2238"]
[BlackElo "1887"]
[PlyCount "65"]
[EventDate "2022.04.15"]
[EventType "swiss"]
[EventRounds "6"]
[EventCountry "CAN"]

1. d4 Nf6 2. c4 c5 3. d5 b5 4. cxb5 a6 5. bxa6 Bxa6 6. Nc3 d6 7. g3 g6 8. Bg2
Bg7 9. Nf3 O-O 10. O-O Nbd7 11. Rb1 Qa5 12. Bd2 Rfb8 13. Qc2 Nb6 14. b3 Bb7 15.
e4 Nfd7 16. a4 Nc8 17. Rfd1 Ba6 18. Nb5 Qb6 19. Bf1 Na7 20. Na3 Bxf1 21. Kxf1
Qa6+ 22. Kg2 Nc8 23. Nc4 Ncb6 24. Na5 c4 25. b4 c3 26. Bxc3 Bxc3 27. Qxc3 Nxa4
28. Qd2 Nf6 29. Nc6 Rb7 30. Qd4 Qb5 31. Nxe7+ Rxe7 32. Qxf6 Qd7 33. Rbc1 1-0

[Event "Grand Pacifc op"]
[Site "Victoria CAN"]
[Date "2022.04.15"]
[Round "1.6"]
[White "Wang, Jerry"]
[Black "Tolentino, Patrick"]
[Result "0-1"]
[WhiteElo "1882"]
[BlackElo "2204"]
[PlyCount "154"]
[EventDate "2022.04.15"]
[EventType "swiss"]
[EventRounds "6"]
[EventCountry "CAN"]

1. c4 Nf6 2. g3 g6 3. Bg2 Bg7 4. Nc3 O-O 5. d4 d6 6. Nf3 Nc6 7. O-O e5 8. d5
Nb8 9. e4 a5 10. h3 Na6 11. Be3 b6 12. Qd2 Nc5 13. Ne1 Nfd7 14. Nd3 Nxd3 15.
Qxd3 Nc5 16. Qd2 f5 17. Bg5 Qe8 18. f3 Bd7 19. b3 f4 20. g4 Bf6 21. Bxf6 Rxf6
22. Rfc1 Qe7 23. Kf2 Rf7 24. Bf1 h5 25. Qe1 hxg4 26. hxg4 Rh7 27. Ke2 Rh2+ 28.
Kd1 Kg7 29. Rc2 Rh1 30. Rd2 Rah8 31. Kc2 R8h4 32. Rg2 R4h2 33. Rd2 Rxd2+ 34.
Qxd2 Qh4 35. Re1 Qg3 36. Qd1 Qf2+ 37. Qe2 Qg3 38. Qd1 Kf6 39. Kd2 Rh2+ 40. Re2
Bxg4 41. Rxh2 Qxh2+ 42. Qe2 Qxe2+ 43. Bxe2 Bd7 44. Ke1 Kg5 45. Kf2 Kh4 46. Kg2
g5 47. Nd1 Bh3+ 48. Kg1 g4 49. Nf2 gxf3 50. Bd1 Kg3 51. Nh1+ Kh4 52. Nf2 Bg4
53. Bc2 Bh5 54. Kh2 Nd7 55. Kg1 Nf6 56. Bd3 Bg6 57. Bc2 Ng4 58. Nxg4 Kxg4 59.
Kf2 Bh5 60. a4 Kg5 61. Bd3 Kf6 62. Bf1 Bg4 63. Bd3 Ke7 64. Bf1 Kd7 65. Bd3 Kc8
66. Bf1 Kb7 67. Bd3 b5 68. axb5 Kb6 69. Bc2 Kc5 70. Bd1 Kd4 71. Bc2 Kc3 72. Bd1
Bd7 73. Kxf3 Kd2 74. Be2 Kc2 75. c5 Bxb5 76. Bxb5 Kxb3 77. cxd6 cxd6 0-1